Agregación lineal de relaciones económicas / (Registro nro. 8457)

Detalles MARC
000 -LEADER
fixed length control field 01114nam a2200253Ia 4500
003 - CONTROL NUMBER IDENTIFIER
control field OSt
005 - DATE AND TIME OF LATEST TRANSACTION
control field 20221213111318.0
008 - FIXED-LENGTH DATA ELEMENTS--GENERAL INFORMATION
fixed length control field 210310s1959 sp fq 001 0 spa d
040 ## - CATALOGING SOURCE
Original cataloging agency CO-JMCR
Transcribing agency CO-JMCR
041 1# - LANGUAGE CODE
Language code of text/sound track or separate title spa
Language code of original eng
082 04 - DEWEY DECIMAL CLASSIFICATION NUMBER
Classification number 311.23 /
Item number T376a
Edition number 23
100 1# - MAIN ENTRY--PERSONAL NAME
Personal name Theil, Henri,
9 (RLIN) 17328
Relator term autor
245 10 - TITLE STATEMENT
Title Agregación lineal de relaciones económicas /
Statement of responsibility, etc. H. Theil ; traducción del inglés por Héctor Correa
260 ## - PUBLICATION, DISTRIBUTION, ETC.
Place of publication, distribution, etc. Madrid :
Name of publisher, distributor, etc. Aguilar,
Date of publication, distribution, etc. 1959.
300 ## - PHYSICAL DESCRIPTION
Extent xii, 223 páginas ;
Dimensions 21 cm.
490 0# - SERIES STATEMENT
Series statement Biblioteca de Ciencias Sociales. Sección primera. Economía
500 ## - GENERAL NOTE
General note Incluye índice alfabético de autores y materias.
500 ## - GENERAL NOTE
General note Título original: Linear aggregation of economic relations
505 0# - FORMATTED CONTENTS NOTE
Formatted contents note Agregación sobre un conjunto de individuos -- Agregación sobre varios conjunto de individuos o de bienes -- Agregación sobre períodos de tiempo -- Sistemas de macroecuaciones simultáneas -- Nuevas ampliaciones -- Agregación perfecta
650 14 - SUBJECT ADDED ENTRY--TOPICAL TERM
Topical term or geographic name entry element Agregaciones
9 (RLIN) 17330
650 24 - SUBJECT ADDED ENTRY--TOPICAL TERM
Topical term or geographic name entry element Estadísticas
700 1# - ADDED ENTRY--PERSONAL NAME
Personal name Correa, Héctor,
Relator term traductor
9 (RLIN) 41847
942 ## - ADDED ENTRY ELEMENTS (KOHA)
Source of classification or shelving scheme Dewey Decimal Classification
Koha item type Books
Existencias
Withdrawn status Lost status Source of classification or shelving scheme Damaged status Not for loan Collection code Home library Current library Date acquired Source of acquisition Full call number Barcode Date last seen Copy number Koha item type
    Dewey Decimal Classification     Non-fiction Biblioteca Pública José María del Castillo y Rada Biblioteca Pública José María del Castillo y Rada 04/15/2018 Donación 311.23 / T376a 430006127 05/16/2024 Ej.1 Books